| 000 | 00556nam a2200193 a 4500 | ||
|---|---|---|---|
| 001 | 3610 | ||
| 005 | 20140414132022.0 | ||
| 008 | 040715s19uu xx 00 eng d | ||
| 020 | _a1-56293-345-0 | ||
| 050 |
_aTR _bJ93 1993 |
||
| 100 | _aLeeka, M. C. | ||
| 245 |
_aJust like mommy, just like daddy / _cby M. C. Leeka ; illustrated by Deborah Borgo. |
||
| 260 |
_aNew York : _bMcClanahan Book, _c1993. |
||
| 300 | _a1 v. p. : ill. ; cm. | ||
| 440 | _aStorytime Books | ||
| 650 |
_aImitation _xFiction. |
||
| 650 | _aChildren stories. | ||
| 999 |
_c113488 _d113488 |
||